Moral Communities in Chicago: Examining the Relationship Between Family and Community Religiousness and Youth Substance Use and Delinquency

Saved in:  
Bibliographic Details
Main Author: Lowe, Clayton Cory (Author)
Format: Electronic Article
Language:English
Published: University of Florida 2020
In:Enthalten in: ProQuest Dissertations and Theses
Online Access: Volltext (lizenzpflichtig)
Check availability: HBZ Gateway

MARC

LEADER 00000caa a22000002c 4500
001 1912625873
003 DE-627
005 20250227125905.0
007 cr uuu---uuuuu
008 241217s2020 xx |||||o 00| ||eng c
035 |a (DE-627)1912625873 
035 |a (DE-599)KXP1912625873 
040 |a DE-627  |b ger  |c DE-627  |e rda 
041 |a eng 
084 |a 2,1  |a 0  |2 ssgn 
100 1 |a Lowe, Clayton Cory  |e VerfasserIn  |4 aut 
245 1 0 |a Moral Communities in Chicago: Examining the Relationship Between Family and Community Religiousness and Youth Substance Use and Delinquency 
264 1 |b University of Florida  |c 2020 
336 |a Text  |b txt  |2 rdacontent 
337 |a Computermedien  |b c  |2 rdamedia 
338 |a Online-Ressource  |b cr  |2 rdacarrier 
773 0 8 |i Enthalten in  |t ProQuest Dissertations and Theses 
787 0 8 |i Forschungsdaten  |a Earls, Felton J.  |t Project on Human Development in Chicago Neighborhoods: Community Survey, 1994-1995  |d [Erscheinungsort nicht ermittelbar] : [Verlag nicht ermittelbar], 1999  |w (DE-627)1840056819 
787 0 8 |i Forschungsdaten  |a Earls, Felton J.  |t Project on Human Development in Chicago Neighborhoods (PHDCN): Master File, Wave 1, 1994-1997  |d [Erscheinungsort nicht ermittelbar] : [Verlag nicht ermittelbar], 2005  |w (DE-627)1840061448 
856 4 0 |u https://proxy.lib.umich.edu/login?url=https://www.proquest.com/dissertations-theses/moral-communities-chicago-examining-relationship/docview/2734038591/se-2?accountid=14667  |q application/pdf  |x Verlag  |z lizenzpflichtig  |3 Volltext  |7 1 
935 |a mkri 
951 |a AR 
ELC |a 1 
LOK |0 000 xxxxxcx a22 zn 4500 
LOK |0 001 4637591392 
LOK |0 003 DE-627 
LOK |0 004 1912625873 
LOK |0 005 20241217044722 
LOK |0 008 241217||||||||||||||||ger||||||| 
LOK |0 035   |a (DE-2619)ICPSR171555 
LOK |0 040   |a DE-2619  |c DE-627  |d DE-2619 
LOK |0 092   |o n 
LOK |0 852   |a DE-2619 
LOK |0 852 1  |9 00 
LOK |0 935   |a uvkn  |a nacp 
LOK |0 939   |a 17-12-24  |b l01 
ORI |a SA-MARC-krimdoka001.raw